000 00658nam a2200193Ia 4500
003 IN-BaIIA
008 211028s9999 xx 000 0 eng d
040 _cIIA Library
080 _a621.38
_bAND
100 _aAnderson, E. P
_93445
245 0 _aAudels electronic devices with industrial applications for electronics electricians maintenance men operators and studen
_cE. P. Anderson
260 _aNew York,
_bTheo. Audel
_c1952
300 _avi, 279p.
650 _aElectronic devices
_93313
650 _aElectronics
_91576
650 _aIndustrial electronics
_92137
650 _aNASA thesaurus
942 _cBK
999 _c1767
_d1767